KPOP GROUP through former members - Statistics

General Stats
  • This quiz has been taken 60 times
  • The average score is 19 of 38
Answer Stats
Member left Group % Correct
Heeseung ENHYPEN
92%
Mark NCT
92%
Woojin Stray Kids
92%
Danielle Newjeans
90%
Soojin i-dle
82%
Seungri BIGBANG
80%
Kim Garam LE SSERAFIM
80%
Zhang Hao ZEROBASEONE
80%
Seunghan RIIZE
72%
Jessica SNSD
72%
Jinni NMIXX
70%
Luhan EXO
66%
Sulli f(x)
66%
Wonho MONSTA X
58%
Yiren EVERGLOW
56%
B.I iKON
54%
Rocky ASTRO
50%
Ju Haknyeon THE BOYZ
50%
E-Dawn PENTAGON
48%
Bang Yedam TREASURE
48%
Rowoon SF9
44%
Youngeun Kep1er
42%
Jang Gyuri fromis_9
38%
Yoon Jiyoon izna
32%
Kim Jaejoong TVXQ!
32%
Son Naeun Apink
28%
Jung Ilhoon BTOB
28%
Cheng Xiao WJSN
28%
Jae DAY6
26%
Jiho OH MY GIRL
26%
Ravn ONEUS
24%
Kibum SUPER JUNIOR
24%
Aran FIFTY FIFTY
22%
Nam Taehyun WINNER
22%
Himchan B.A.P
12%
Seung Eon EVNNE
10%
Baro B1A4
8%
C.A.P TEEN TOP
6%
No matching quizzes found
Score Distribution
Percent of People with Each Score
Percentile by Number Answered
Your Score History
You have not taken this quiz